| 000 | 01126nam a2200277 i 4500 | ||
|---|---|---|---|
| 001 | 128981 | ||
| 003 | ES-MaACL | ||
| 005 | 20251013220233.0 | ||
| 007 | t| | ||
| 008 | 070601s1961 sp ||||1| spa d | ||
| 080 | _a869-2"19"(082) | ||
| 245 | 0 | 0 |
_aTeatro portugués contemporáneo / _cselección y prólogo de Luiz Francisco Rebello ; traducción del portugués por Víctor Auz Castro. |
| 260 |
_aMadrid : _bAguilar, _c[1961] |
||
| 300 |
_a441 p. ; _c20 cm. |
||
| 505 | 8 | _aContiene: El loco y la muerte / Raúl Brandão . Jacob y el ángel / José Régio . Rouge! / Alfredo Cortez . La promesa / Bernardo Santareno . Es urgente el amor / Luiz Francisco Rebello . Un hombre solo / Costa Ferreira | |
| 650 | 4 |
_aTeatro portugués- _yS.XX. _917384 |
|
| 700 | 1 |
_aRebello, Luiz Francisco. _995694 |
|
| 700 | 1 |
_aAuz, Víctor, _d1935- _9173073 |
|
| 700 | 1 |
_aBrandão, Raúl, _d1867-1930 _931331 |
|
| 700 | 1 |
_aRegio, José. _995891 |
|
| 700 | 1 |
_aCortez, Alfredo. _940919 |
|
| 700 | 1 |
_aSantareno, Bernardo. _9103353 |
|
| 700 | 1 |
_aCosta Ferreira. _941095 |
|
| 852 |
_aES-MaACL _jC-21426 |
||
| 999 |
_c128981 _d128981 |
||